| 000 | 00340nam a22001457a 4500 | ||
|---|---|---|---|
| 003 | OSt | ||
| 005 | 20160727222349.0 | ||
| 008 | 160621b xxu||||| |||| 00| 0 eng d | ||
| 040 | _cTEST | ||
| 100 |
_9340 _aGauba, G |
||
| 245 | _aSmuggling at Juhu | ||
| 260 |
_aN.D _bChildren Book Trust _c1974 |
||
| 300 | _aSmuggling at Juhu | ||
| 942 |
_2ddc _cBK |
||
| 999 |
_c272 _d272 |
||